Vainqueurs de la Coupe de France (2020-) - Statistiques

Statistiques générales
  • Ce quiz a été pris 39 fois
    3 depuis la dernière actualisation
  • Le résultat moyen est 66 sur 77
Statistiques - réponses
POSTE PAYS JOUEUR % Correct
DEF Sénégal Abdou Diallo
100%
DEF Maroc Achraf Hakimi
100%
DEF Maroc Achraf Hakimi
100%
MIL France Adrien Thomasson
100%
G Côte d'Ivoire Alban Lafont
100%
DEF Italie Alessandro Florenzi
100%
ATT France Allan Saint-Maximin
100%
ATT Argentine Ángel Di María
100%
ATT Argentine Ángel Di María
100%
ATT France Bradley Barcola
100%
ATT France Bradley Barcola
100%
MIL Pays-Bas Branco van den Boomen
100%
MIL Portugal Danilo Pereira
100%
ATT France Désrié Doué
100%
MIL Espagne Fabián Ruiz
100%
MIL Espagne Fabián Ruiz
100%
ATT France Florian Thauvin
100%
G Italie Gianluigi Donnarumma
100%
MIL Sénégal Idrissa Gueye
100%
MIL Sénégal Idrissa Gueye
100%
DEF France Ismaëlo Ganiou
100%
MIL Portugal João Neves
100%
G Costa Rica Keylor Navas
100%
G Costa Rica Keylor Navas
100%
ATT France Kylian Mbappé
100%
ATT France Kylian Mbappé
100%
ATT France Kylian Mbappé
100%
DEF France Kyllian Antonio
100%
MIL Argentine Leandro Paredes
100%
MIL Argentine Leandro Paredes
100%
DEF Brésil Lucas Beraldo
100%
DEF France Malang Sarr
100%
MIL Mali Mamadou Sangaré
100%
DEF Brésil Marquinhos
100%
DEF Brésil Marquinhos
100%
DEF Brésil Marquinhos
100%
DEF Brésil Marquinhos
100%
DEF France Matthieu Udol
100%
G Russie Matveï Safonov
100%
ATT Argentine Mauro Icardi
100%
ATT Argentine Mauro Icardi
100%
DEF Pays-Bas Mitchel Bakker
100%
ATT Nigeria Moses Simon
100%
ATT Brésil Neymar Jr
100%
DEF France Nicolas Pallois
100%
DEF Portugal Nuno Mendes
100%
DEF Portugal Nuno Mendes
100%
ATT France Odsonne Édouard
100%
ATT France Ousmane Dembélé
100%
ATT France Ousmane Dembélé
100%
MIL Espagne Pedro Chirivella
100%
G France Robin Risser
100%
MIL RD Congo Samuel Moutoussamy
100%
DEF Arabie Saoudite Saud Abdulhamid
100%
DEF Brésil Thiago Silva
100%
ATT Pays-Bas Thijs Dallinga
100%
DEF Allemagne Thilo Kehrer
100%
DEF Allemagne Thilo Kehrer
100%
MIL Portugal Vitinha
100%
MIL Portugal Vitinha
100%
MIL France Warren Zaïre-Emery
100%
DEF Equateur Willian Pacho
100%
DEF Cameroun Jean-Charles Castelletto
50%
DEF Cap-Vert Logan Costa
50%
ATT France Ludovis Blas
50%
DEF France Marcus Coco
50%
DEF France Quentin Merlin
50%
ATT France Randal Kolo Muani
50%
MIL Pays-Bas Stijn Spierings
50%
ATT Maroc Zakaria Aboukhlal
50%
DEF Brésil Andrei Girotto
0%
MIL Belgique Brecht Dejaegere
0%
ATT Algérie Farès Chaïbi
0%
DEF Chili Gabriel Suazo
0%
G Norvège Kjetil Haug
0%
DEF Danemark Mikkel Desler
0%
DEF Danemark Rasmus Nicolaisen
0%
Aucun quiz correspondant
Distribution des résultats
% des personnes avec chaque résultat
Percentile par nombre de réponses
Votre historique - résultats
Vous n’avez pas pris ce quiz depuis la dernière actualisation